| 000 | 01362nam a22003255a 4500 | ||
|---|---|---|---|
| 003 | EG-ScBUE | ||
| 005 | 20211205095358.0 | ||
| 008 | 190620s2018 ua f 000 f ara d | ||
| 017 | _a2018 / 10129 | ||
| 020 | _a9789779300092 | ||
| 040 |
_aEG-ScBUE _bara _erda _cEG-ScBUE _dEG-ScBUE |
||
| 041 | 1 |
_aara _haze |
|
| 082 | 0 | 4 |
_a894.3613 _bأ ف ن _222 |
| 100 | 1 |
_aأفندييف، إلتشين، _d1943- _eمؤلف. |
|
| 245 | 1 | 2 |
_aالرأس : _bرواية / _cالكاتب الأذربيجاني إلتشين أفندييف ؛ ترجمة وتقديم د. أحمد سامي العايدي، مركز الترجمة التابع لرئاسة الوزراء الأذربيجانية. |
| 250 | _aالطبعة الأولى. | ||
| 264 | 1 |
_aالقاهرة : _bمكتبة الآداب، _c2018. |
|
| 300 |
_a464 صفحة ؛ _c22 سم |
||
| 336 |
_2rdacontent _aنص _btxt |
||
| 337 |
_2rdamedia _aبدون وسيط _bn |
||
| 338 |
_2rdacarrier _aمجلد _bnc |
||
| 541 |
_aDr. Ahmed Hamad ; _cDonation ; |
||
| 546 | _aالنص باللغة العربية ؛ مترجم من اللغة الأذربيجانية. | ||
| 650 | 7 |
_aالقصص الأذربيجانية _yقرن 21. _2BUEsh _929300 |
|
| 651 | _2BUEsh | ||
| 653 |
_bGGEN _cJune2019 |
||
| 655 |
_vReading book _934232 |
||
| 700 | 1 |
_aعايدي، أحمد سامي، _eمترجم. _934608 |
|
| 942 | _2ddc | ||
| 999 |
_c27558 _d27529 |
||